|
|
|
|
| LEADER |
00000nab a2200000 a 4500 |
| 001 |
vtls000831892 |
| 003 |
SK-MaSNL |
| 005 |
20260304175054.0 |
| 008 |
140303c2003 xo 0 slo |
| 015 |
|
|
|a SNBRB2003/04-11554
|
| 035 |
|
|
|a CLN000183547
|
| 040 |
|
|
|a SNKBUCL
|b slo
|c SNKBUCL
|e AACR2
|
| 041 |
0 |
|
|a slo
|
| 044 |
|
|
|a xo
|c SK
|
| 080 |
|
|
|a 616.12-008.331.1-055.26
|2 1997
|
| 080 |
|
|
|a 618.3-06:616-008.331.1
|2 1997
|
| 100 |
1 |
|
|a Sirotiaková, Jana
|4 aut
|9 12559
|
| 245 |
1 |
0 |
|a Hypertenzia v gravidite
|c Jana Sirotiaková
|
| 300 |
|
|
|b Obr., tab.
|
| 650 |
0 |
7 |
|a hypertenzia
|2 SNKPH
|9 2490
|
| 650 |
0 |
7 |
|a tehotenstvo
|2 SNKPH
|9 2477
|
| 655 |
|
7 |
|a články z novín a časopisov
|2 SNK
|9 267496
|
| 773 |
0 |
|
|t Zdravotnícke noviny
|g Roč. 8, č. 8 (2003)
|x 1335-4477
|
| 773 |
0 |
|
|t [Príl.] Lekárske listy
|g Č. 8 (2003), s. 28-31
|x 1335-4477
|
| 850 |
|
|
|a Slovenská národná knižnica v Martine
|
| 852 |
|
|
|a SNK
|b KIS3GCP
|
| 958 |
|
|
|a MI
|
| 992 |
|
|
|a RBX
|
| 999 |
|
|
|c 3011908
|d 3013838
|